000 00481 a2200157 4500
020 _a 0007120850
082 _a823.912
090 _c938
_d938
100 _aChristie, Agatha.
245 _aThe Murder at the Vicarage
_cAgatha Christie
260 _aLondon :
_bHarperCollins Publishers ,
_c1930.
300 _a380p. ;
_b19 cm.
500 _aIncludes Index
650 _a1.Marple, Jane (Fictitious character) --Fiction.2.Women detectives --England --Fiction.
942 _cBK
_k823.912 CHR
999 _c4906
_d4906